Online
Catalog

Mesopotamia : (Record no. 36012)

MARC details
000 -CABECERA
campo de control de longitud fija 00570nam a2200181 a 4500
001 - NÚMERO DE CONTROL
campo de control 000036521
005 - FECHA Y HORA DE LA ÚLTIMA TRANSACCIÓN
campo de control 20200930075758.0
008 - DATOS DE LONGITUD FIJA--INFORMACIÓN GENERAL
campo de control de longitud fija 120119s2002 sp a 000 0 spa d
020 ## - NÚMERO INTERNACIONAL ESTÁNDAR DEL LIBRO
Número Internacional Estándar del Libro 8449312752
040 ## - FUENTE DE LA CATALOGACIÓN
Centro catalogador/agencia de origen DO-SdBNP
Lengua de catalogación spa
Centro/agencia transcriptor BNPHU
082 ## - NÚMERO DE LA CLASIFICACIÓN DECIMAL DEWEY
Número de clasificación xxx
Número de documento/Ítem L526m
100 1# - ENTRADA PRINCIPAL--NOMBRE DE PERSONA
Nombre de persona Leick, Gwendolyn
9 (RLIN) 62769
240 10 - TÍTULO UNIFORME
Título uniforme Msesopotamia
Lenguaje de la obra español
245 10 - MENCIÓN DE TÍTULO
Título Mesopotamia :
Resto del título La invención de la ciudad /
Mención de responsabilidad, etc. Gwendolyn Leick ; traducción Magdalena Palmer.
260 ## - PUBLICACIÓN, DISTRIBUCIÓN, ETC.
Lugar de publicación, distribución, etc. Barcelona :
Nombre del editor, distribuidor, etc. Paidós,
Fecha de publicación, distribución, etc. 2002.
300 ## - DESCRIPCIÓN FÍSICA
Extensión 391 p. :
Otras características físicas il. ;
Dimensiones 24 cm.
700 1# - PUNTO DE ACCESO ADICIONAL--NOMBRE DE PERSONA
Nombre de persona Palmer, Magdalena,
Término indicativo de función/relación tr.
9 (RLIN) 62770
Holdings
Estado de retiro Estado de pérdida Restricciones de uso No para préstamo Código de colección Localización permanente Ubicación/localización actual Ubicación en estantería Fecha de adquisición Número de inventario Total de préstamos Signatura topográfica completa Código de barras Fecha visto por última vez Precio válido a partir de Tipo de ítem Koha
      Excluido de préstamo Monografías: Libros y Folletos General General En catalogación 19.01.2012 LF1   xxx L526m 36522-10 25.06.2020 25.06.2020 No se presta

Powered by Koha